| 000 | 00837nam a2200217 a 4500 | ||
|---|---|---|---|
| 001 | 000040789 | ||
| 005 | 20201002034400.0 | ||
| 008 | 130906s1993 sp 001 0 spa d | ||
| 020 | _a9788475099446 | ||
| 040 |
_aDO-SdBNP _bspa _cBNPHU |
||
| 100 | 1 |
_aEllis, Richard _967209 |
|
| 240 | 1 | 0 |
_aTítulo original. If you take my meaning : theory into practice in human communication. _lespañol |
| 245 | 1 | 0 |
_aTeoría y práctica de la comunicación humana / _cRichard Ellis, Ann McClintock ; traducción de Pilar Vazquez Mota. |
| 260 |
_aBarcelona : _bEdiciones Paidós, _c1993. |
||
| 300 |
_a231 p. : _bil. ; _c18 cm. |
||
| 490 | 1 |
_aPaidós Comunicación ; _v55 |
|
| 500 | _aIncluye bibliografía e índice | ||
| 700 | 1 |
_aVázquez Mota, Pilar, _etr. _967210 |
|
| 700 | 1 |
_aClintock, Ann. _967211 |
|
| 830 | 0 |
_aPaidós Comunicación ; _n55 _967212 |
|
| 999 |
_c40279 _d40279 |
||